Quiz o zespole One Direction - Statystyki

Ogólne statystyki
  • Ten quiz został rozwiązany 322 razy
  • Średni wynik to 11 z 12
Statystyki odpowiedzi
podpowiedź odpowiedź % Poprawnych
Rok założenia zespołu. 2010
98%
Ilość albumów, które powstały w czasiedziałalności zespołu. 5
98%
Ten członek odszedł z zespołu w 2015 roku. Zayn Malik
98%
Ten członek pochodzi z Irlandii. Niall horan
97%
W tym programie połączyli się w zespół. X Factor
95%
Najstarszy członek zespołu. Louis Tomlinson
92%
Debiutancki singiel. "What Makes You Beautiful"
89%
Pojawili się w jednym z odcinków tego serialu. iCarly
86%
Drugie imię Harrego Styles. Edward
84%
Album na którym znajdują się m.in. takie piosenki jak: "C'mon, C'mon", "Little Things". Take Me Home
79%
Ostatni wydany album zespołu. Made in the A.M.
78%
Z tym znanym piosenkarzem zespół współpracował podczas tworzenia jednego z albumów. Ed Sheeran
76%
Nie znaleziono quizów pasujących do podanych kryteriów
Rozkład punktacji
Procent ludzi z każdym wynikiem
Percentyl według liczby udzielonych odpowiedzi
Twoja historia wyników
Nie rozwiązałeś tego quizu